000 04640nam a2200397 a 4500
003 CHAP
005 20230509121045.0
007 ta
008 230509s2018 -usado|fr|||| 001 0 eng d
020 _a978-1-4987-5459-0
040 _amxchpua
_cCHAP
_erda
050 1 0 _aTS1960
_b.A38 2018
082 0 0 _a664.907
_bA38 2018
_220
245 1 0 _aAdvanced technologies for meat processing /
_ceditores Fidel Toldrá y Leo M.L. Nollet
250 _a2a edición
264 _aBoca Raton, FL. :
_bCRC Press,
_c2018
300 _axvi, 705 pages :
_bilustraciones, gráficas, diagramas, tablas, fotos
336 _2rdacontent
_atexto
_btxt
337 _2rdamedia
_asin medio
_bn
338 _2rdacarrier
_avolumen
_bnc
490 1 _aFood science & technology (CRC Press)
505 0 _aBioengineering of Farm Animals: Meat Quality and Safety. -- Gene Technology for Meat Quality. -- Automation for the Modern Slaughterhouse. -- New Spectroscopic Techniques for Online Monitoring of Meat Quality. -- Hyperspectral Imaging Technique for Online Monitoring of Meat Quality and Safety. -- Raman spectroscopy for predicting meat tenderness. -- Real-Time PCR for the Detection of Pathogens in Meat. -- Nanotechnology-based sensors for pathogens detection. -- Meat Decontamination by Irradiation. -- Advances in High Hydrostatic Pressure to Meat and Meat Processing. -- Hydrodynamic Pressure Processing to Improve Meat Quality and Safety. -- Functional Properties of Bioactive Peptides Derived From Meat Proteins. -- New Approaches for the Development of Functional Meat Products. -- Salt reduction in processed meats. -- Fat reduction in processed meats. -- Processing of Nitrite-Free Cured Meats. -- Proteomic tools for Improved Processing of Dry-Cured Meats. -- Nutrigenomics in animal feed and nutrition. -- The Use of Bacteriocins Against Meat-Borne Pathogens. -- Latest Developments in Meat Bacterial Starters. -- Nanotechnology-based packaging materials for processed meats. -- Reduction in contaminants generation in processed meats.
520 2 _aAs with the first edition, the main goal of Advanced Technologies for Meat Processing is to provide the reader with recent developments in new advanced technologies for the full meat- processing chain. This book is written by distinguished international contributors with recognized expertise and excellent reputations, and brings together all the advances in a wide and varied number of technologies that are applied in different stages of meat processing. This second edition contains 21 chapters, combining updated and revised versions of several chapters with entirely new chapters that deal with new online monitoring techniques like hyperspectral imaging and Raman spectroscopy, the use of nanotechnology for sensor devices or new packaging materials and the application of omics technologies like nutrigenomics and proteomics for meat quality and nutrition.  The book starts with the control and traceability of genetically modified farm animals, followed by four chapters reporting the use of online non-destructive monitoring techniques like hyperspectral imaging and Raman spectroscopy, real-time PCR for pathogens detection, and nanotechnology-based sensors. Then, five chapters describe different advanced technologies for meat decontamination, such as irradiation, hydrostatic and hydrodynamic pressure processing, other non-thermal technologies, and the reduction in contaminants generation. Nutrigenomics in animal nutrition and production is the object of a chapter that is followed by five chapters dealing with nutritional-related issues like bioactive peptides, functional meats, fat and salt reduction, processing of nitrite-free products, and the use of proteomics for the improved processing of dry-cured meats. The last four chapters are reporting the latest developments in bacteriocins against meat-borne pathogens, the functionality of bacterial starters, modified atmosphere packaging and the use of new nanotechnology-based materials for intelligent and edible packaging.
650 1 3 _9138315
_aCalidad de la carne
650 1 3 _9147937
_aIndustria del ganado y de la carne
650 1 3 _9138316
_aCiencia de la carne
650 1 3 _9147832
_aProductos cárnicos
650 1 3 _9147938
_aLivestock and meat industry
650 1 3 _9150733
_aMeat quality
650 1 3 _9153829
_aMeat science
650 1 3 _9147939
_aMeat products
700 1 _9125057
_aToldrá, Fidel
_eeditor
700 1 _981627
_aNollet, Leo M.L.
_eeditor
830 0 _9186940
_aFood science & technology (CRC Press)
942 _2ddc
_cLibro
999 _c218711
_d218711